000 00368nam a2200133 a 4500
001 000045837
005 20201002052456.0
008 150519s1978 dr 000 0 spa d
040 _aDO-SdBNP
_bspa
_cBNPHU
082 _axxxx
_bxxxx
245 0 0 _aUPA :
_bdocumentos fundamentales.
260 _aSanto Domingo :
_bEdiciones ¡UPA!,
_c1978.
300 _a36, [37], P. ;
_c21cm.
999 _c45326
_d45326